Software Enginering (Record no. 22937)
[ view plain ]
| 000 -LEADER | |
|---|---|
| fixed length control field | 00387nam a22001577a 4500 |
| 003 - CONTROL NUMBER IDENTIFIER | |
| control field | OSt |
| 005 - DATE AND TIME OF LATEST TRANSACTION | |
| control field | 20240328142746.0 |
| 008 - FIXED-LENGTH DATA ELEMENTS--GENERAL INFORMATION | |
| fixed length control field | 211220b |||||||| |||| 00| 0 eng d |
| 020 ## - INTERNATIONAL STANDARD BOOK NUMBER | |
| International Standard Book Number | 9789380311043 |
| 040 ## - CATALOGING SOURCE | |
| Transcribing agency | HU |
| 082 ## - DEWEY DECIMAL CLASSIFICATION NUMBER | |
| Edition number | 4TH |
| Classification number | 001.642 |
| Item number | 4 |
| 100 ## - MAIN ENTRY--PERSONAL NAME | |
| Personal name | Singh Girdhari |
| 9 (RLIN) | 23570 |
| 245 ## - TITLE STATEMENT | |
| Title | Software Enginering |
| 260 ## - PUBLICATION, DISTRIBUTION, ETC. | |
| Place of publication, distribution, etc. | ENDIA |
| Name of publisher, distributor, etc. | ENDA |
| Date of publication, distribution, etc. | 2012 |
| 942 ## - ADDED ENTRY ELEMENTS (KOHA) | |
| Source of classification or shelving scheme | Dewey Decimal Classification |
| Koha item type | Books like text book referance book |
| Edition | 9789380311043 |
| Suppress in OPAC | Yes |
| Withdrawn status | Lost status | Source of classification or shelving scheme | Damaged status | Not for loan | Home library | Current library | Date acquired | Full call number | Barcode | Date last seen | Copy number | Price effective from | Koha item type |
|---|---|---|---|---|---|---|---|---|---|---|---|---|---|
| Dewey Decimal Classification | IoT Library | IoT Library | 12/20/2021 | 001.642/SIN | IOTL0000201 | 12/20/2021 | 1 | 12/20/2021 | Books like text book referance book | ||||
| Dewey Decimal Classification | IoT Library | IoT Library | 12/20/2021 | 001.642/SIN | IOTL0000202 | 12/20/2021 | 2 | 12/20/2021 | Books like text book referance book | ||||
| Dewey Decimal Classification | IoT Library | IoT Library | 12/20/2021 | 001.642/SIN | IOTL0000203 | 12/20/2021 | 3 | 12/20/2021 | Books like text book referance book | ||||
| Dewey Decimal Classification | IoT Library | IoT Library | 12/20/2021 | 001.642/SIN | IOTL0000204 | 12/20/2021 | 4 | 12/20/2021 | Books like text book referance book |